[Event "Benasque op 37th"]
[Site "Benasque"]
[Date "2017.07.07"]
[Round "2"]
[White "Goni Navarro, Pablo"]
[Black "Iturrizaga Bonelli, Eduardo"]
[Result "0-1"]
[WhiteElo "2197"]
[BlackElo "2664"]
[PlyCount "58"]
[EventDate "2017.07.06"]
[EventType "swiss"]
[EventRounds "10"]
[EventCountry "ESP"]
[SourceTitle "CBM 179 Extra"]
[Source "ChessBase"]
[SourceDate "2017.08.23"]
[SourceVersion "1"]
[SourceVersionDate "2017.08.23"]
[SourceQuality "1"]

1. c4 c5 2. Nc3 g6 3. Nf3 Bg7 4. d4 cxd4 5. Nxd4 Nc6 6. Nc2 d6 7. e4 Bxc3+ 8. bxc3 Qa5 9. Bd2 Nf6 10. f3 Be6 11. Nd4 Rc8 12. Nxe6 fxe6 13. Qb3 Qc7 14. Rb1 Na5 15. Qb5+ Kf7 16. h4 b6 17. h5 gxh5 18. Bg5 Qc5 19. Bxf6 Kxf6 20. Rxh5 Qe3+ 21. Kd1 Rc5 22. Rxc5 dxc5 23. Qd7 Qxc3 24. Rc1 Qe5 25. Kc2 h5 26. f4 Qxe4+ 27. Bd3 Qxg2+ 28. Kc3 Qc6 29. Qxa7 Ra8 0-1

[Event "Aragon-chT Honor GrB"]
[Site "Aragon"]
[Date "2017.02.25"]
[Round "5.24"]
[White "Goni Navarro, Pablo"]
[Black "Palomar Ramon, Santiago"]
[Result "1/2-1/2"]
[WhiteElo "2135"]
[BlackElo "1944"]
[PlyCount "108"]
[EventDate "2017.01.28"]
[EventType "team-tourn"]
[EventRounds "7"]
[EventCountry "ESP"]
[SourceTitle "EXT 2018"]
[Source "ChessBase"]
[SourceDate "2017.10.13"]
[SourceVersion "1"]
[SourceVersionDate "2017.10.13"]
[SourceQuality "1"]
[WhiteTeam "St Casablanca"]
[BlackTeam "San Jose"]
[WhiteTeamCountry "ESP"]
[BlackTeamCountry "ESP"]

1. c4 e5 2. g3 Nf6 3. Bg2 c6 4. d4 d6 5. Nc3 Nbd7 6. e4 Be7 7. Nge2 0-0 8. 0-0 Re8 9. b3 Nf8 10. Bb2 Bd7 11. Qd2 Qc8 12. Rfe1 Bh3 13. Bh1 Nh5 14. Rad1 h6 15. Qc2 Ng6 16. a3 Qg4 17. f3 Qg5 18. Bc1 Qf6 19. Bg2 Bxg2 20. Kxg2 Rad8 21. b4 Bf8 22. d5 Ne7 23. Be3 cxd5 24. Nxd5 Nxd5 25. Rxd5 b6 26. a4 Qe6 27. a5 Nf6 28. axb6 axb6 29. Rb5 Rc8 30. Rc1 Nd7 31. Qd3 Rc6 32. Qd5 Rec8 33. g4 Rxc4 34. Rxc4 Rxc4 35. Bxb6 Rc2 36. Kf2 Qf6 37. Qd3 Rb2 38. Be3 Qh4+ 39. Kg2 Qd8 40. Bc1 Ra2 41. Ra5 Rxa5 42. bxa5 Qxa5 43. Be3 Nb6 44. Qb3 Qa6 45. Nc3 Qc4 46. Qb2 Na4 47. Nxa4 Qxa4 48. Qb7 Qc2+ 49. Bf2 g6 50. Qd7 Qc4 51. Qb7 Kg7 52. Bh4 Qa2+ 53. Bf2 Qe6 54. Bh4 Qa2+ 1/2-1/2

[Event "Aragon-chT Honor GrB"]
[Site "Aragon"]
[Date "2017.02.04"]
[Round "2.32"]
[White "Goni Navarro, Pablo"]
[Black "Echarte Buil, Oscar"]
[Result "1-0"]
[WhiteElo "2135"]
[BlackElo "2111"]
[PlyCount "105"]
[EventDate "2017.01.28"]
[EventType "team-tourn"]
[EventRounds "7"]
[EventCountry "ESP"]
[SourceTitle "EXT 2018"]
[Source "ChessBase"]
[SourceDate "2017.10.13"]
[SourceVersion "1"]
[SourceVersionDate "2017.10.13"]
[SourceQuality "1"]
[WhiteTeam "St Casablanca"]
[BlackTeam "Palacio de Pioneros"]
[WhiteTeamCountry "ESP"]
[BlackTeamCountry "ESP"]

1. c4 c5 2. Nf3 g6 3. Nc3 Nc6 4. g3 Bg7 5. Bg2 e5 6. 0-0 Nge7 7. a3 0-0 8. d3 Rb8 9. Rb1 a5 10. Ne1 b6 11. Nc2 Bb7 12. Bg5 f6 13. Bd2 d6 14. Ne3 Kh8 15. Ned5 Nxd5 16. Nxd5 Ne7 17. Nxe7 Qxe7 18. b4 Bxg2 19. Kxg2 axb4 20. axb4 f5 21. e4 f4 22. f3 fxg3 23. hxg3 Ra8 24. Qb3 h5 25. Qb2 Ra4 26. Ra1 Rfa8 27. Rxa4 Rxa4 28. bxc5 bxc5 29. Ra1 Rxa1 30. Qxa1 Qb7 31. Kf2 Kh7 32. Qc1 Qb3 33. Ke2 Qa2 34. Kd1 Bf6 35. Ke1 Bd8 36. Kf1 h4 37. gxh4 Bxh4 38. Qd1 g5 39. Qe2 Qb1+ 40. Kg2 Kg6 41. Ba5 Qc1 42. Bc7 Be1 43. Bxd6 Bd2 44. Bxe5 Be3 45. Bh2 Kf6 46. Kh3 Kg6 47. Kg2 Kf6 48. Qf1 Qd2+ 49. Kh3 Kg6 50. Bg3 Kf6 51. Be1 Qd1 52. Kg2 Ke5 53. Bc3+ 1-0

[Event "Aragon-chT Honor GrA"]
[Site "Aragon"]
[Date "2016.02.27"]
[Round "5.12"]
[White "Goni Navarro, Pablo"]
[Black "Laplaza Ara, Carlos"]
[Result "1/2-1/2"]
[WhiteElo "2060"]
[BlackElo "1975"]
[PlyCount "132"]
[EventDate "2016.01.30"]
[EventType "team-tourn"]
[EventRounds "7"]
[EventCountry "ESP"]
[SourceTitle "EXT 2018"]
[Source "ChessBase"]
[SourceDate "2017.10.13"]
[SourceVersion "1"]
[SourceVersionDate "2017.10.13"]
[SourceQuality "1"]
[WhiteTeam "St Casablanca"]
[BlackTeam "Huesca Club Atletismo"]
[WhiteTeamCountry "ESP"]
[BlackTeamCountry "ESP"]

1. c4 Nf6 2. Nc3 e6 3. d4 d5 4. Nf3 Be7 5. g3 0-0 6. Bg2 c5 7. cxd5 exd5 8. 0-0 Nc6 9. dxc5 Bxc5 10. a3 a6 11. Bg5 Be7 12. Rc1 Be6 13. Na4 Rc8 14. Nc5 Bxc5 15. Rxc5 Qd6 16. Rc1 Ne4 17. Bf4 Qe7 18. Nd4 Nxd4 19. Qxd4 Nf6 20. Be5 Rfd8 21. Rfd1 Ng4 22. Rxc8 Rxc8 23. Bf4 Nf6 24. Bg5 Rd8 25. Rc1 h6 26. Bxf6 Qxf6 27. Qxf6 gxf6 28. Rc7 Rb8 29. Kf1 Kf8 30. Ke1 Ke8 31. Kd2 Kd8 32. Rc5 b6 33. Rc3 Ke7 34. Ke3 Kd6 35. Kd4 Rg8 36. Bf3 Rh8 37. Rb3 Rb8 38. Bg2 b5 39. Rf3 Rc8 40. Kd3 Ke5 41. Re3+ Kd6 42. Kd2 a5 43. Rc3 Rc4 44. b3 Rxc3 45. Kxc3 d4+ 46. Kxd4 Bxb3 47. Be4 Bc4 48. e3 Be6 49. Bc2 f5 50. Bd3 Kc6 51. Bc2 Kd6 52. f3 f6 53. h4 Bd5 54. f4 Be6 55. Bd3 Kc6 56. e4 fxe4 57. Bxe4+ Kd6 58. Bd3 Kc6 59. Be2 Kd6 60. g4 b4 61. axb4 axb4 62. g5 fxg5 63. fxg5 hxg5 64. hxg5 b3 65. Kc3 Ke5 66. Bd1 Kf5 1/2-1/2

[Event "Aragon-chT Honor GrA"]
[Site "Aragon"]
[Date "2016.02.20"]
[Round "4.12"]
[White "Landa Garriga, Francisco Javier"]
[Black "Goni Navarro, Pablo"]
[Result "0-1"]
[WhiteElo "1846"]
[BlackElo "2060"]
[PlyCount "58"]
[EventDate "2016.01.30"]
[EventType "team-tourn"]
[EventRounds "7"]
[EventCountry "ESP"]
[SourceTitle "EXT 2018"]
[Source "ChessBase"]
[SourceDate "2017.10.13"]
[SourceVersion "1"]
[SourceVersionDate "2017.10.13"]
[SourceQuality "1"]
[WhiteTeam "Aragon ONCE"]
[BlackTeam "St Casablanca"]
[WhiteTeamCountry "ESP"]
[BlackTeamCountry "ESP"]

1. e4 c5 2. d4 cxd4 3. c3 dxc3 4. Nxc3 Nc6 5. Nf3 e6 6. Bc4 a6 7. Qe2 Nge7 8. 0-0 Ng6 9. Rd1 Be7 10. a4 0-0 11. e5 Qc7 12. Re1 Ncxe5 13. Nxe5 Nxe5 14. Bxe6 fxe6 15. Qxe5 Bd6 16. Qh5 b6 17. Ne4 Rf5 18. Qh4 Be5 19. Ng3 Bf6 20. Qb4 Rd5 21. Be3 b5 22. Rac1 Qd8 23. a5 Bb7 24. Bb6 Qe8 25. b3 Qf7 26. Qg4 Rf8 27. Ne4 Be7 28. f3 Bc6 29. Nc5 Rg5 0-1

[Event "Aragon-chT Preferente B"]
[Site "Aragon"]
[Date "2016.02.13"]
[Round "3.53"]
[White "Goni Navarro, Pablo"]
[Black "Fontana Sotomayour, Luis Javier"]
[Result "1-0"]
[WhiteElo "2060"]
[BlackElo "2315"]
[PlyCount "113"]
[EventDate "2016.01.30"]
[EventType "team-tourn"]
[EventRounds "9"]
[EventCountry "ESP"]
[SourceTitle "EXT 2018"]
[Source "ChessBase"]
[SourceDate "2017.10.13"]
[SourceVersion "1"]
[SourceVersionDate "2017.10.13"]
[SourceQuality "1"]
[WhiteTeam "St Casablanca III"]
[BlackTeam "Jaime Casas II"]
[WhiteTeamCountry "ESP"]
[BlackTeamCountry "ESP"]

1. c4 f5 2. d4 Nf6 3. g3 e6 4. Bg2 d5 5. Nf3 c6 6. 0-0 Bd6 7. Nc3 0-0 8. Qc2 Ne4 9. Rb1 Qe7 10. a3 b6 11. Bf4 Bxf4 12. gxf4 Rf6 13. cxd5 Nxc3 14. Qxc3 exd5 15. Ne5 Bb7 16. b4 Na6 17. Rfc1 Rd6 18. a4 Rc8 19. Qd3 Nc7 20. b5 cxb5 21. axb5 Ra8 22. Ra1 Ne6 23. e3 Qf6 24. Bh3 g6 25. Rc3 Qh4 26. Bg2 g5 27. Qxf5 Rf8 28. Qh3 Qxh3 29. Bxh3 gxf4 30. Bxe6+ Rxe6 31. Rxa7 Re7 32. exf4 Rxf4 33. Rg3+ Kh8 34. Nc6 Rd7 35. Raa3 Rc7 36. Rac3 Bc8 37. Rcf3 Rcf7 38. Ne5 Rxf3 39. Nxf3 Rf4 40. Ne5 Be6 41. Nc6 Bf7 42. Kg2 Bg6 43. Re3 Rf7 44. Ne5 Rf4 45. Nxg6+ hxg6 46. Re6 Kg7 47. Rxb6 Rxd4 48. Rb7+ Kf6 49. b6 Rb4 50. Rb8 d4 51. b7 Kg7 52. Kf3 Rb3+ 53. Ke2 Kh7 54. Kd2 Kg7 55. Kc2 Rc3+ 56. Kb2 Rc7 57. Rg8+ 1-0

[Event "Zaragoza Province-ch Preferente"]
[Site "Zaragoza"]
[Date "2015.09.27"]
[Round "1"]
[White "Soriano Gracia, Manuel"]
[Black "Goni Navarro, Pablo"]
[Result "0-1"]
[WhiteElo "1871"]
[BlackElo "2008"]
[PlyCount "110"]
[EventDate "2015.09.27"]
[EventType "swiss"]
[EventRounds "6"]
[EventCountry "ESP"]
[SourceTitle "CBM 170 Extra"]
[Source "ChessBase"]
[SourceDate "2016.02.25"]
[SourceVersion "1"]
[SourceVersionDate "2016.02.25"]
[SourceQuality "1"]

1. e4 c5 2. Nf3 e6 3. d4 cxd4 4. Nxd4 Nc6 5. Nc3 Qc7 6. Be3 a6 7. Be2 Nf6 8. 0-0 b5 9. Nxc6 dxc6 10. Bf3 Be7 11. Qe2 0-0 12. Rfd1 e5 13. Rd3 a5 14. Qe1 a4 15. Ne2 Be6 16. Ng3 c5 17. c3 a3 18. Qc1 Rfc8 19. Rd2 g6 20. b3 Ng4 21. Bxg4 Bxg4 22. f3 Be6 23. Qc2 Rd8 24. Rad1 Rxd2 25. Rxd2 h5 26. Kf1 h4 27. Ne2 Qc6 28. h3 f5 29. Nc1 Rf8 30. Rf2 Qc7 31. Bh6 Rf7 32. Be3 Rf8 33. Kg1 Qc8 34. Re2 Kg7 35. Qd2 Rd8 36. Qc2 g5 37. Nd3 Qc7 38. Nc1 Rf8 39. Qd2 Rd8 40. Qc2 Kg6 41. Rd2 Rh8 42. Qd1 fxe4 43. fxe4 Qc6 44. Qc2 Rf8 45. Rf2 Rd8 46. Rd2 Rf8 47. Rf2 Rh8 48. Nd3 Qc7 49. Nc1 Bc8 50. Qe2 c4 51. b4 Qc6 52. Bd2 Bb7 53. Qe3 Qxe4 54. Qb6+ Qc6 55. Qa7 Rf8 0-1

[Event "ESP-ch U16"]
[Site "Salobrena"]
[Date "2015.07.20"]
[Round "2"]
[White "Goni Navarro, Pablo"]
[Black "Santos Ruiz, Miguel"]
[Result "0-1"]
[WhiteElo "1978"]
[BlackElo "2329"]
[PlyCount "40"]
[EventDate "2015.07.20"]
[EventType "swiss"]
[EventRounds "9"]
[EventCountry "ESP"]
[SourceTitle "EXT 2016"]
[Source "ChessBase"]
[SourceDate "2015.10.08"]
[SourceVersion "1"]
[SourceVersionDate "2015.10.08"]
[SourceQuality "1"]

1. c4 b6 2. e4 Bb7 3. Nc3 e6 4. g3 f5 5. d3 Nf6 6. Bg2 fxe4 7. dxe4 Bc5 8. Nh3 0-0 9. 0-0 e5 10. Kh1 Bd4 11. Nd5 Nxd5 12. exd5 c6 13. Be4 Qf6 14. Ng5 g6 15. f4 cxd5 16. cxd5 Na6 17. f5 Nc5 18. Nxh7 Qd6 19. fxg6 Qxd5 20. Ng5 Qxe4+ 0-1

[Event "ESP-ch U14"]
[Site "Salobrena"]
[Date "2012.07.13"]
[Round "7"]
[White "Goni Navarro, Pablo"]
[Black "Perez Garcia, Alejandro"]
[Result "0-1"]
[WhiteElo "1666"]
[BlackElo "1902"]
[PlyCount "84"]
[EventDate "2012.07.09"]
[EventType "swiss"]
[EventRounds "9"]
[EventCountry "ESP"]
[SourceTitle "EXT 2014"]
[Source "ChessBase"]
[SourceDate "2013.11.20"]
[SourceVersion "1"]
[SourceVersionDate "2013.11.20"]
[SourceQuality "1"]

1. e4 c5 2. Nf3 Nc6 3. d4 cxd4 4. Nxd4 g6 5. Nc3 Bg7 6. Be3 Nf6 7. Bc4 Qa5 8. 0-0 0-0 9. Bb3 d6 10. h3 Bd7 11. f4 Rac8 12. Qf3 Nxd4 13. Bxd4 Bc6 14. Rad1 b5 15. Nd5 Bxd5 16. exd5 Nd7 17. Bxg7 Kxg7 18. f5 f6 19. g4 g5 20. Qe3 Ne5 21. Kg2 Rh8 22. h4 h6 23. h5 Rc7 24. Kg3 Rhc8 25. Rd4 Qb6 26. Re1 Rc5 27. a4 a5 28. Ra1 b4 29. Re1 Qc7 30. Re2 Kf8 31. Re1 Rxc2 32. Bxc2 Qxc2 33. Rd2 Qxa4 34. Ree2 Rc1 35. b3 Qa1 36. Rc2 Rg1+ 37. Rg2 Rh1 38. Ra2 Qf1 39. Raf2 Qd3 40. Qxd3 Nxd3 41. Rf3 Ne1 42. Rc2 Nxc2 0-1